Z mého života : báseň i pravda. Díl 1-2 /

Hlavní autor: Goethe, Johann Wolfgang von, 1749-1832
Jazyk: Čeština
Vydáno: Praha : Borový, 1931
Edice: Goethe, Johann Wolfgang von, 1749-1832. Spisy (Fr. Borový)
Pantheon (Fr. Borový)
Fyzický popis: 684 s.
Knihy
Uloženo v:
LEADER 00854nam a22002532a 4500
001 000176310
003 CZ BrMZK
005 20210816122528.0
007 ta
008 010907s1931 xr f cze d
015 |z cnb000936204 
040 |a BOA001  |b cze 
041 1 |a cze  |h ger 
100 1 |a Goethe, Johann Wolfgang von,  |d 1749-1832  |7 jn19990002740  |4 aut 
245 1 0 |a Z mého života :  |b báseň i pravda.  |n Díl 1-2 /  |c J.W. Goethe ; [přeložil Jan Kamenář] 
260 |a Praha :  |b Borový,  |c 1931 
300 |a 684 s. 
490 1 |a Spisy ;  |v sv. 12 
490 1 |a Pantheon ;  |v kniha 73 
800 1 |a Goethe, Johann Wolfgang von,  |d 1749-1832.  |t Spisy (Fr. Borový)  |0 s 
830 0 |a Pantheon (Fr. Borový)  |0 s 
910 |a BOA001  |b 1-0080.966,73 
990 |a BK 
996 7 |b 2619943957  |c 1-0080.966,73  |l MZK  |r Sklad / do 1 hodiny  |n 6  |w 000176310  |u 000010  |a 1  |e BOA001  |j MZK50  |s A